The Cuban Drumbeat : (Record no. 617117)

MARC details
000 -LEADER
fixed length control field 00496nam a2200193 a 4500
008 - FIXED-LENGTH DATA ELEMENTS--GENERAL INFORMATION
fixed length control field 260305s2009##################000#0#eng##
020 ## - INTERNATIONAL STANDARD BOOK NUMBER
ISBN 9781906497378
082 04 - DEWEY DECIMAL CLASSIFICATION NUMBER
Classification number 327 7291
Item number GLE
100 1# - MAIN ENTRY--AUTHOR NAME
Personal name Gleijeses, Piero,
245 10 - TITLE STATEMENT
Title The Cuban Drumbeat :
260 ## - PUBLICATION, DISTRIBUTION, ETC. (IMPRINT)
Name of publisher Seagull Books Pvt Ltd,
Year of publication 2009.
300 ## - PHYSICAL DESCRIPTION
Number of Pages 116 pages
650 #0 - SUBJECT ADDED ENTRY--TOPICAL TERM
Topical Term History.
942 ## - ADDED ENTRY ELEMENTS (KOHA)
Koha item type English Books
Holdings
Withdrawn status Lost status Damaged status Not for loan Home library Current library Shelving location Date acquired Full call number Accession Number Price effective from Koha item type
        Anna Centenary Library Anna Centenary Library 3RD FLOOR, B WING 05.03.2026 327 7291 GLE 135986 05.03.2026 English Books

Find us on the map